000 00313nam a22001457a 4500
008 230613b ||||| |||| 00| 0 eng d
020 _a9780786410682
041 _aeng
080 _a617
082 _a617QUI
100 _a15
101 _aORT
245 _aSKULLS AND SKELETONS
_cQUIGLEY.CH
942 _2udc
_cBK
999 _c59957
_d59957